Qui a été élu deux fois président des États-Unis? - Statistiques

Statistiques générales
  • Ce quiz a été pris 51 fois
    48 depuis la dernière actualisation
  • Le résultat moyen est 9 sur 15
Statistiques - réponses
Hint Réponse % Correct
20 janvier 2017 - 20 janvier 2021 et depuis le 20 janvier 2025 Donald Trump
100%
20 janvier 2009 – 20 janvier 2017 Barack Obama
96%
30 avril 1789 – 4 mars 1797 George Washington
91%
20 janvier 2001 – 20 janvier 2009 George W. Bush
91%
20 janvier 1993 – 20 janvier 2001 Bill Clinton
83%
4 mars 1933 – 12 avril 1945 Franklin Delano Roosevelt
72%
20 janvier 1981 – 20 janvier 1989 Ronald Reagan
70%
20 janvier 1953 – 20 janvier 1961 Dwight D. Eisenhower
53%
4 mars 1801 – 4 mars 1809 Thomas Jefferson
45%
4 mars 1913 – 4 mars 1921 Woodrow Wilson
36%
4 mars 1817 – 4 mars 1825 James Monroe
32%
4 mars 1869 – 4 mars 1877 Ulysses S. Grant
30%
4 mars 1829 – 4 mars 1837 Andrew Jackson
28%
4 mars 1809 – 4 mars 1817 James Madison
28%
4 mars 1893 – 4 mars 1897 et 4 mars 1885 – 4 mars 1889 Grover Cleveland
26%
Aucun quiz correspondant
Distribution des résultats
% des personnes avec chaque résultat
Percentile par nombre de réponses
Votre historique - résultats
Vous n’avez pas pris ce quiz depuis la dernière actualisation